[Event "EU-chT Railways USIC"]
[Site "Dresden"]
[Date "2000.06.21"]
[Round "2.3"]
[White "Benoit, Michel"]
[Black "Peev, Peicho Chonev"]
[Result "1/2-1/2"]
[WhiteElo "2232"]
[BlackElo "2343"]
[PlyCount "127"]
[EventDate "2000.06.19"]
[EventType "team-swiss"]
[EventRounds "7"]
[EventCountry "GER"]
[SourceTitle "EXT 2002"]
[Source "ChessBase"]
[SourceDate "2001.11.25"]
[SourceVersion "1"]
[SourceVersionDate "2001.11.25"]
[SourceQuality "1"]
[WhiteTeam "France (USIC)"]
[BlackTeam "Bulgaria USIC"]
[WhiteTeamCountry "FRA"]
[BlackTeamCountry "BUL"]

1. Nf3 g6 2. e4 Bg7 3. Bc4 d6 4. d4 Nf6 5. Qe2 0-0 6. 0-0 c6 7. Bb3 Bg4 8. Nbd2 e5 9. dxe5 dxe5 10. h3 Bxf3 11. Nxf3 Nbd7 12. Bd2 Nc5 13. Bc3 Nfxe4 14. Bxe5 Bxe5 15. Nxe5 Qd4 16. Nc4 Rae8 17. c3 Qf6 18. Qe3 b5 19. Nd2 Qd6 20. Rad1 Qc7 21. Rfe1 Nxd2 22. Qxd2 Rxe1+ 23. Rxe1 a5 24. Qg5 Nd3 25. Re2 a4 26. Bd1 Nf4 27. Rd2 Re8 28. Bf3 a3 29. bxa3 c5 30. Qg4 f5 31. Qh4 Kg7 32. g3 Ne6 33. a4 bxa4 34. Qxa4 Re7 35. Qc6 Qa7 36. Re2 Ng5 37. Rxe7+ Qxe7 38. Kg2 Qe5 39. Qb7+ Kh6 40. Qc8 Nxf3 41. Qf8+ Kh5 42. g4+ Kg5 43. Kxf3 fxg4+ 44. hxg4 Qxc3+ 45. Kg2 Kxg4 46. a4 c4 47. Qc8+ Kh4 48. Qd8+ g5 49. Qd7 g4 50. Qe7+ Kh5 51. Qxh7+ Kg5 52. Qe7+ Kf4 53. Qc7+ Ke4 54. a5 Qf3+ 55. Kg1 Kd3 56. a6 c3 57. Qd8+ Ke2 58. Qe8+ Kd2 59. a7 c2 60. Qd8+ Ke1 61. Qe8+ Kd2 62. Qd8+ Ke2 63. Qe8+ Kd2 64. Qd8+ 1/2-1/2

[Event "Le Touquet op 10th"]
[Site "Le Touquet"]
[Date "1995.??.??"]
[Round "?"]
[White "Belkhodja, Slim"]
[Black "Benoit, Michel"]
[Result "1-0"]
[WhiteElo "2365"]
[BlackElo "2250"]
[PlyCount "80"]
[EventDate "1995.10.??"]
[EventType "swiss"]
[EventRounds "7"]
[EventCountry "FRA"]
[SourceTitle "EXT 2000"]
[Source "ChessBase"]
[SourceDate "1999.11.16"]
[SourceVersion "1"]
[SourceVersionDate "1999.11.16"]
[SourceQuality "1"]

1. e4 g6 2. d4 Bg7 3. Nc3 d6 4. Bg5 c5 5. d5 Qa5 6. Bb5+ Bd7 7. Bxd7+ Nxd7 8. Nge2 b5 9. Qd2 Nb6 10. 0-0 Nc4 11. Qc1 b4 12. Nd1 Nf6 13. f3 h6 14. Bh4 Qb5 15. a4 Qa6 16. b3 Na5 17. Re1 0-0 18. Ne3 c4 19. Qd1 Rac8 20. Rb1 Rfe8 21. Kh1 Nd7 22. Nd4 cxb3 23. cxb3 Qb6 24. Nec2 Rc3 25. Nb5 Rxc2 26. Qxc2 a6 27. Qc7 Qxc7 28. Nxc7 Rc8 29. Nxa6 Bc3 30. Rec1 Ra8 31. Nc7 Rc8 32. Nb5 Nc5 33. Nxc3 Ncxb3 34. Na2 Nxc1 35. Rxc1 Rxc1+ 36. Nxc1 g5 37. Be1 b3 38. Nd3 Nc4 39. a5 b2 40. Nxb2 Nxb2 1-0

[Event "Cappelle op 11th"]
[Site "Cappelle la Grande"]
[Date "1995.??.??"]
[Round "1"]
[White "Benoit, Michel"]
[Black "Shtyrenkov, Veniamen"]
[Result "0-1"]
[WhiteElo "2250"]
[BlackElo "2460"]
[PlyCount "68"]
[EventDate "1995.03.??"]
[EventType "swiss"]
[EventRounds "9"]
[EventCountry "FRA"]
[SourceTitle "EXT 1997"]
[Source "ChessBase"]
[SourceDate "1996.11.15"]
[SourceVersion "1"]
[SourceVersionDate "1996.11.15"]
[SourceQuality "1"]

1. e4 c5 2. Nf3 d6 3. c3 Nf6 4. Be2 g6 5. 0-0 Bg7 6. Re1 0-0 7. Bf1 Bg4 8. d3 Nc6 9. Nbd2 e5 10. Nc4 b5 11. Ne3 Bd7 12. g3 Qb6 13. Ng5 Ne7 14. Qf3 h6 15. Nh3 Qb7 16. Qg2 Nh5 17. f4 Bxh3 18. Qxh3 exf4 19. Ng4 f5 20. exf5 Nxf5 21. gxf4 Rae8 22. Bd2 Qf7 23. Rxe8 Rxe8 24. Nf2 b4 25. Ne4 bxc3 26. bxc3 Rb8 27. Be2 Nf6 28. Bd1 c4 29. Nxf6+ Qxf6 30. Bf3 Rb2 31. Bd5+ Kh7 32. Rd1 Rxd2 33. Rxd2 Qxc3 34. Rf2 Bd4 0-1

[Event "Avoine op 10th"]
[Site "Avoine"]
[Date "1995.??.??"]
[Round "3"]
[White "Pytel, Krzysztof"]
[Black "Benoit, Michel"]
[Result "1-0"]
[WhiteElo "2490"]
[BlackElo "2250"]
[PlyCount "57"]
[EventDate "1995.08.??"]
[EventType "swiss"]
[EventRounds "9"]
[EventCountry "FRA"]
[SourceTitle "EXT 1997"]
[Source "ChessBase"]
[SourceDate "1996.11.15"]
[SourceVersion "1"]
[SourceVersionDate "1996.11.15"]
[SourceQuality "1"]

1. d4 d6 2. Nf3 Bg4 3. c4 Bxf3 4. exf3 g6 5. g3 Bg7 6. Bg2 e6 7. 0-0 Ne7 8. Nc3 0-0 9. d5 exd5 10. cxd5 Nd7 11. f4 Nb6 12. h4 c6 13. dxc6 bxc6 14. f5 d5 15. fxg6 fxg6 16. h5 Qd7 17. hxg6 Nxg6 18. a4 Kh8 19. a5 Nc4 20. Ra4 Qf5 21. b3 Nce5 22. Ne2 Qh5 23. Nf4 Nxf4 24. Rxf4 Qg6 25. Rh4 Rae8 26. Be3 Rf7 27. a6 Nd3 28. Rg4 Qf5 29. Rg5 1-0

[Event "Cappelle op 11th"]
[Site "Cappelle la Grande"]
[Date "1995.??.??"]
[Round "4"]
[White "Shcherbakov, Ruslan"]
[Black "Benoit, Michel"]
[Result "1-0"]
[WhiteElo "2520"]
[BlackElo "2250"]
[PlyCount "87"]
[EventDate "1995.03.??"]
[EventType "swiss"]
[EventRounds "9"]
[EventCountry "FRA"]
[SourceTitle "EXT 1997"]
[Source "ChessBase"]
[SourceDate "1996.11.15"]
[SourceVersion "1"]
[SourceVersionDate "1996.11.15"]
[SourceQuality "1"]

1. d4 Nf6 2. c4 d6 3. Nf3 g6 4. Nc3 Bg7 5. e4 0-0 6. Be2 e5 7. 0-0 Nbd7 8. Be3 Qe7 9. Qc2 c6 10. Rad1 Re8 11. d5 c5 12. Ne1 h5 13. Rb1 Ng4 14. Bd2 Nf8 15. h3 Nh6 16. Qc1 Kh7 17. b4 b6 18. bxc5 bxc5 19. Bd1 Ba6 20. Nb5 Ng8 21. Qa3 Bxb5 22. Rxb5 Reb8 23. Rb3 Bh6 24. Bc3 Nf6 25. Bc2 h4 26. Qb2 Rxb3 27. axb3 Nh5 28. Nd3 Nd7 29. Bd1 Nf4 30. Nxf4 Bxf4 31. Qe2 Qg5 32. Qd3 Kg7 33. Kh1 Rh8 34. Bc2 Bc1 35. Qe2 Nf6 36. b4 cxb4 37. Bxb4 Rd8 38. Kg1 Bb2 39. c5 dxc5 40. Bxc5 Rd7 41. Ba4 Rb7 42. Qa6 Rc7 43. Be3 Qh5 44. d6 1-0

[Event "FRA-chT"]
[Site "France"]
[Date "1994.??.??"]
[Round "?"]
[White "Vaisman, Volodia"]
[Black "Benoit, Michel"]
[Result "1-0"]
[WhiteElo "2395"]
[BlackElo "2250"]
[PlyCount "71"]
[EventDate "1994.??.??"]
[EventType "team"]
[EventRounds "11"]
[EventCountry "FRA"]
[SourceTitle "TD"]
[Source "ChessBase"]
[SourceDate "1994.03.01"]
[SourceVersion "1"]
[SourceVersionDate "1994.03.01"]
[SourceQuality "1"]

1. d4 d6 2. Nf3 Bg4 3. e4 Nf6 4. Nc3 e6 5. h3 Bh5 6. Qe2 c6 7. g4 Bg6 8. h4 h6 9. h5 Bh7 10. g5 hxg5 11. Bxg5 Qa5 12. Bd2 Nbd7 13. b4 Qc7 14. Ng5 Bg8 15. Bg2 Be7 16. Rb1 d5 17. b5 Nb6 18. bxc6 bxc6 19. exd5 cxd5 20. Nb5 Qd7 21. Nf3 Rc8 22. Ne5 Qb7 23. Bb4 Bxb4+ 24. Rxb4 Qe7 25. Rb3 Bh7 26. Nc3 0-0 27. h6 Nc4 28. hxg7 Kxg7 29. Nd1 Bg6 30. Rg3 Nd6 31. Ne3 Rb8 32. 0-0 Rb2 33. N3g4 Nde4 34. Nxf6 Kxf6 35. Bxe4 Bxe4 36. Qh5 1-0

[Event "Bagneux"]
[Site "Bagneux"]
[Date "1993.??.??"]
[Round "4"]
[White "Benoit, Michel"]
[Black "Gollain, Marc"]
[Result "1/2-1/2"]
[WhiteElo "2250"]
[BlackElo "2285"]
[PlyCount "61"]
[EventDate "1993.??.??"]
[EventType "tourn"]
[EventRounds "9"]
[EventCountry "FRA"]
[EventCategory "3"]
[SourceTitle "EXT 1997"]
[Source "ChessBase"]
[SourceDate "1996.11.15"]
[SourceVersion "1"]
[SourceVersionDate "1996.11.15"]
[SourceQuality "1"]

1. Nf3 Nf6 2. d4 g6 3. c4 Bg7 4. Nc3 0-0 5. Bg5 d6 6. e3 Nbd7 7. Be2 e5 8. Qc2 Re8 9. 0-0-0 h6 10. Bh4 g5 11. Bg3 Qe7 12. Nb5 e4 13. Nd2 Nf8 14. c5 Rd8 15. cxd6 cxd6 16. Qc7 Rd7 17. Qa5 d5 18. Kb1 b6 19. Qa3 Qxa3 20. bxa3 Ba6 21. Rc1 Ne6 22. Be5 Ne8 23. Bxg7 N8xg7 24. Rc6 Nf5 25. a4 Ne7 26. Rc3 Rc8 27. Rxc8+ Nxc8 28. f3 exf3 29. Bxf3 Bxb5 30. axb5 Ne7 31. Rc1 1/2-1/2

[Event "Le Touquet op 08th"]
[Site "Le Touquet"]
[Date "1993.??.??"]
[Round "?"]
[White "Haik, Aldo"]
[Black "Benoit, Michel"]
[Result "1-0"]
[WhiteElo "2400"]
[BlackElo "2245"]
[PlyCount "67"]
[EventDate "1993.10.??"]
[EventType "swiss"]
[EventRounds "9"]
[EventCountry "FRA"]
[SourceTitle "EXT 1997"]
[Source "ChessBase"]
[SourceDate "1996.11.15"]
[SourceVersion "1"]
[SourceVersionDate "1996.11.15"]
[SourceQuality "1"]

1. e4 e5 2. Bc4 Nf6 3. d3 Qe7 4. Nc3 g6 5. Bg5 Bg7 6. Nd5 Qd6 7. Qf3 Nxd5 8. Bxd5 f6 9. Bd2 Nc6 10. Ne2 Qe7 11. h4 d6 12. h5 Be6 13. hxg6 hxg6 14. Rxh8+ Bxh8 15. 0-0-0 Qd7 16. Rh1 0-0-0 17. Rh6 Ne7 18. Rh7 c6 19. Bb3 Kb8 20. Qe3 g5 21. Qg3 Rg8 22. Qh2 Bg7 23. Ng3 Bxb3 24. axb3 Qe8 25. d4 Qg6 26. dxe5 fxe5 27. Nf5 Nc8 28. g4 Qf6 29. Qh5 Bf8 30. Rf7 Qh8 31. c4 a6 32. Be3 b5 33. Rh7 Qf6 34. Qe8 1-0

[Event "FRA-chT"]
[Site "France"]
[Date "1992.??.??"]
[Round "?"]
[White "Benoit, Michel"]
[Black "Relange, Eloi"]
[Result "0-1"]
[WhiteElo "2280"]
[BlackElo "2275"]
[PlyCount "70"]
[EventDate "1992.??.??"]
[EventType "team"]
[EventRounds "8"]
[EventCountry "FRA"]
[SourceTitle "EXT 1997"]
[Source "ChessBase"]
[SourceDate "1996.11.15"]
[SourceVersion "1"]
[SourceVersionDate "1996.11.15"]
[SourceQuality "1"]

1. e4 e6 2. Qe2 c5 3. b3 Nc6 4. Nf3 d6 5. g3 g6 6. Bb2 e5 7. Bg2 Bg7 8. 0-0 Nge7 9. d3 0-0 10. Nbd2 Kh8 11. Nc4 b5 12. Ne3 Nd4 13. Nxd4 cxd4 14. Nd1 Bb7 15. f4 f5 16. fxe5 dxe5 17. Nf2 Rc8 18. Qd2 Qb6 19. Ba3 Rfe8 20. Rae1 Qc6 21. Re2 Ng8 22. Nh3 Qf6 23. Qg5 Qa6 24. Qc1 Bh6 25. Qb2 Be3+ 26. Kh1 fxe4 27. Bb4 exd3 28. cxd3 Bxg2+ 29. Rxg2 Nf6 30. Qe2 Nd5 31. Be1 Bh6 32. Rgf2 Ne3 33. Rf6 Qb7+ 34. Qf3 Qxf3+ 35. R1xf3 Rc1 0-1

[Event "FRA-chT"]
[Site "France"]
[Date "1991.??.??"]
[Round "?"]
[White "Benoit, Michel"]
[Black "Belkhodja, Slim"]
[Result "0-1"]
[WhiteElo "2235"]
[BlackElo "2365"]
[PlyCount "136"]
[EventDate "1991.??.??"]
[EventType "team"]
[EventRounds "12"]
[EventCountry "FRA"]
[SourceTitle "TD"]
[Source "ChessBase"]
[SourceDate "1994.03.01"]
[SourceVersion "1"]
[SourceVersionDate "1994.03.01"]
[SourceQuality "1"]

1. Nf3 Nf6 2. c4 g6 3. d4 Bg7 4. Nc3 0-0 5. Bg5 c5 6. e3 b6 7. Be2 Bb7 8. d5 h6 9. Bh4 e6 10. 0-0 exd5 11. cxd5 d6 12. Re1 a6 13. a4 Re8 14. Bc4 Bc8 15. Qc2 Ra7 16. h3 Rae7 17. e4 g5 18. Bg3 Nh5 19. Bh2 Nf4 20. Bxf4 gxf4 21. Qd2 Nd7 22. Qxf4 Ne5 23. Nxe5 Rxe5 24. Re3 Rg5 25. Rg3 Be5 26. Rxg5+ hxg5 27. Qf3 Kg7 28. Nd1 Rh8 29. g4 Qf6 30. Qxf6+ Kxf6 31. Ra3 Ke7 32. Rb3 Kd8 33. Rxb6 Rxh3 34. Bxa6 Bxg4 35. Rb8+ Ke7 36. Bc8 Rh4 37. Ne3 Bxc8 38. Rxc8 Rxe4 39. b3 Rb4 40. a5 Rxb3 41. a6 Ra3 42. Ra8 Ra4 43. a7 Bf4 44. Nc4 Rxc4 45. Re8+ Kxe8 46. a8Q+ Ke7 47. Kg2 Be5 48. Kf3 Rf4+ 49. Ke2 c4 50. f3 Rh4 51. Qg8 Rh2+ 52. Kd1 Rg2 53. f4 Bxf4 54. Qh7 Rd2+ 55. Ke1 Rxd5 56. Qc2 Re5+ 57. Kf2 d5 58. Kf3 Kf6 59. Kg4 Kg7 60. Kh5 Re3 61. Kg4 c3 62. Qg6+ Kf8 63. Qc6 d4 64. Kf5 Re5+ 65. Kg4 Kg7 66. Kh5 Re2 67. Qc4 c2 68. Qxe2 c1Q 0-1

[Event "Las Palmas op"]
[Site "Las Palmas"]
[Date "1991.??.??"]
[Round "3"]
[White "Benoit, Michel"]
[Black "Brito Garcia, Alfredo"]
[Result "1-0"]
[WhiteElo "2235"]
[BlackElo "2350"]
[PlyCount "79"]
[EventDate "1991.??.??"]
[EventType "swiss"]
[EventRounds "9"]
[EventCountry "ESP"]
[SourceTitle "EXT 1997"]
[Source "ChessBase"]
[SourceDate "1996.11.15"]
[SourceVersion "1"]
[SourceVersionDate "1996.11.15"]
[SourceQuality "1"]

1. Nf3 Nf6 2. d4 d6 3. Nc3 Bg4 4. e4 e6 5. h3 Bh5 6. Bd3 d5 7. Bg5 Be7 8. Bxf6 Bxf6 9. exd5 exd5 10. Qe2+ Kf8 11. g4 Bg6 12. 0-0-0 Nc6 13. Bxg6 hxg6 14. Qb5 Qd6 15. Nxd5 Rd8 16. c4 Ne7 17. Nxf6 Qf4+ 18. Kb1 Qxf3 19. Nd7+ Kg8 20. Ne5 Qe4+ 21. Ka1 f6 22. Rhe1 Rxd4 23. Rc1 Qf4 24. Qe8+ Kh7 25. Qxe7 fxe5 26. Qxc7 Rhd8 27. Qxe5 Qxf2 28. a3 Rd3 29. h4 Qf3 30. h5 Qxg4 31. hxg6+ Qxg6 32. Rh1+ Kg8 33. Rcg1 Qf7 34. Qe4 R3d6 35. Qh4 Kf8 36. Rf1 Rf6 37. Qh8+ Ke7 38. Re1+ Re6 39. Rxe6+ Qxe6 40. Qxg7+ 1-0

[Event "Las Palmas op"]
[Site "Las Palmas"]
[Date "1991.??.??"]
[Round "9"]
[White "Benoit, Michel"]
[Black "Garcia Padron, Jose"]
[Result "1-0"]
[WhiteElo "2235"]
[BlackElo "2445"]
[PlyCount "85"]
[EventDate "1991.??.??"]
[EventType "swiss"]
[EventRounds "9"]
[EventCountry "ESP"]
[SourceTitle "EXT 1997"]
[Source "ChessBase"]
[SourceDate "1996.11.15"]
[SourceVersion "1"]
[SourceVersionDate "1996.11.15"]
[SourceQuality "1"]

1. Nf3 Nf6 2. c4 e6 3. g3 b6 4. Bg2 Bb7 5. 0-0 d5 6. b3 Nbd7 7. Bb2 Bc5 8. d3 0-0 9. Nbd2 Re8 10. Qc2 Rc8 11. a3 a5 12. Bc3 Qe7 13. Qb2 e5 14. e3 e4 15. Ne1 dxc4 16. bxc4 Ba8 17. d4 Bd6 18. Bh3 Rb8 19. Ng2 g5 20. Bf5 c5 21. Rfb1 h5 22. a4 Ng4 23. Nf1 Ndf6 24. Bxg4 Nxg4 25. h3 Nf6 26. dxc5 bxc5 27. Qe2 Be5 28. Bxe5 Qxe5 29. h4 gxh4 30. Nxh4 Kh8 31. Rxb8 Rxb8 32. Rd1 Bc6 33. Qd2 Bd7 34. Qxa5 Bg4 35. Rd8+ Rxd8 36. Qxd8+ Kg7 37. a5 Be2 38. Nd2 Qe6 39. Qd6 Qh3 40. Qe5 Qg4 41. Nf5+ Kg6 42. Ne7+ Kg7 43. Nd5 1-0